00725cam a2200205 a 450000100100000000500170001000800410002702000150006803500230008304000230010608200190012910000220014824500970017024600410026726000430030830000210035150400370037261000580040965000520046700001401220200929163434.0990823s1999 cu b 000 0 spa d a9590603955 a(OCoLC)ocm42624575 aDO-SdBNPcIRUdDLC a324.217bH289h1 aHarnecker, Marta.10aHaciendo posible lo imposible :bla izquierda en el umbral del siglo XXI /cMarta Harnecker.30aIzquierda en el umbral del siglo XXI aLa Habana :bCiencias Sociales,c1999. a392 p. ;c21 cm. aBibliografía: (p. [375], 392).10aPARTIDOS SOCIALISTASxHISTORIAxIDEOLOGÍAySIGLO XX 4aComunismozAmérica LatinaxHistoriaySIGLO XX